000 00702cam a2200193 i 4500
005 20251214103120.0
008 250721s2003 iq gr 000 0 ara d
020 _a9960411546
082 1 4 _a216.532
_bع ر ا
100 1 _aالعراقي، بثينة السيد
_eمؤلف.
245 1 0 _aخطوات في تربية الأولاد والبنات /
_cتاليف بثينه السيد.
250 _aالطبعه الاولى.
264 3 1 _aالرياض :
_bدار طويق للنشر والتوزيع،
_c2003.
300 _a472 صفحه.
650 1 7 _aتنشئة الأطفال.
650 1 7 _aعلاقة الوالدين و الأطفال.
942 _2ddc
_cBK
999 _c100627
_d100627